<?xml version="1.0" encoding="UTF-8"?>
<record
    xmlns:xsi="http://www.w3.org/2001/XMLSchema-instance"
    xsi:schemaLocation="http://www.loc.gov/MARC21/slim http://www.loc.gov/standards/marcxml/schema/MARC21slim.xsd"
    xmlns="http://www.loc.gov/MARC21/slim">

  <leader>02621nam a2200421 a 4500</leader>
  <controlfield tag="003">CHAP</controlfield>
  <controlfield tag="005">20230919132309.0</controlfield>
  <controlfield tag="007">ta</controlfield>
  <controlfield tag="008">230918s1996    mx abdofr|||| 001 0 spa d</controlfield>
  <datafield tag="020" ind1=" " ind2=" ">
    <subfield code="a">968-36-5028-7</subfield>
  </datafield>
  <datafield tag="020" ind1=" " ind2=" ">
    <subfield code="a">968-36-5029-5</subfield>
  </datafield>
  <datafield tag="020" ind1=" " ind2=" ">
    <subfield code="a">968-36-5030-9</subfield>
  </datafield>
  <datafield tag="040" ind1=" " ind2=" ">
    <subfield code="a">mxchpua</subfield>
    <subfield code="c">CHAP</subfield>
    <subfield code="e">rda</subfield>
  </datafield>
  <datafield tag="050" ind1="1" ind2="0">
    <subfield code="a">HD1415</subfield>
    <subfield code="b">.P67 1996</subfield>
  </datafield>
  <datafield tag="082" ind1="0" ind2="0">
    <subfield code="a">681.763</subfield>
    <subfield code="b">P67 1996</subfield>
    <subfield code="2">20</subfield>
  </datafield>
  <datafield tag="245" ind1="1" ind2="0">
    <subfield code="a">Posibilidades para el desarrollo tecnol&#xF3;gico del campo mexicano /</subfield>
    <subfield code="c">coordinadores Jos&#xE9; Luis Solleiro, Mar&#xED;a del Carmen del Valle y Ernesto Moreno</subfield>
  </datafield>
  <datafield tag="250" ind1=" " ind2=" ">
    <subfield code="a">1a edici&#xF3;n</subfield>
  </datafield>
  <datafield tag="264" ind1=" " ind2=" ">
    <subfield code="a">M&#xE9;xico :</subfield>
    <subfield code="b">Cambio XXI,</subfield>
    <subfield code="c">1996</subfield>
  </datafield>
  <datafield tag="300" ind1=" " ind2=" ">
    <subfield code="a">2 tomos :</subfield>
    <subfield code="b">ilustraciones, mapas, gr&#xE1;ficas, tablas, fotos</subfield>
  </datafield>
  <datafield tag="336" ind1=" " ind2=" ">
    <subfield code="2">rdacontent</subfield>
    <subfield code="a">texto</subfield>
    <subfield code="b">txt</subfield>
  </datafield>
  <datafield tag="337" ind1=" " ind2=" ">
    <subfield code="2">rdamedia</subfield>
    <subfield code="a">sin medio</subfield>
    <subfield code="b">n</subfield>
  </datafield>
  <datafield tag="338" ind1=" " ind2=" ">
    <subfield code="2">rdacarrier</subfield>
    <subfield code="a">volumen</subfield>
    <subfield code="b">nc</subfield>
  </datafield>
  <datafield tag="490" ind1="1" ind2=" ">
    <subfield code="a">La estructura econ&#xF3;mica y social de M&#xE9;xico (UNAM. CIT)</subfield>
  </datafield>
  <datafield tag="504" ind1=" " ind2=" ">
    <subfield code="a">Incluye bibliograf&#xED;as</subfield>
  </datafield>
  <datafield tag="520" ind1="2" ind2=" ">
    <subfield code="a">Las nuevas tendencias de la econom&#xED;a mundial hacia la globalizaci&#xF3;n y el acelerado cambio tecnol&#xF3;gico que promueve una reestructuraci&#xF3;n productiva sustentada en la incorporaci&#xF3;n deliberada y sistem&#xE1;tica del progreso t&#xE9;cnico, conducente a elevar la competitividad internacional, es el contexto en que se enmarca este libro. Se analizan tambi&#xE9;n las condiciones de incorporaci&#xF3;n de M&#xE9;xico a la econom&#xED;a internacional y la participaci&#xF3;n en una zona de libre comercio con Estados Unidos y Canad&#xE1; ante las cuales el gobierno de M&#xE9;xico ha optado por una apertura comercial con escasas restricciones y por una pol&#xED;tica econ&#xF3;mica que se orienta hacia la toma de decisiones por el libre juego de las fuerzas del mercado incluye las ponencias que se presentaron en el Seminario internacional de Innovaci&#xF3;n Tecnol&#xF3;gica en Agricultura y la Agroindustria en M&#xE9;xico, donde se reunieron agentes del cambio t&#xE9;cnico, y se discutieron libre y puntualmente los diferentes aspectos de esta problem&#xE1;tica.</subfield>
  </datafield>
  <datafield tag="650" ind1="1" ind2="7">
    <subfield code="9">1172</subfield>
    <subfield code="a">Agricultura</subfield>
    <subfield code="x">Adopci&#xF3;n de innovaciones</subfield>
  </datafield>
  <datafield tag="650" ind1="1" ind2="7">
    <subfield code="9">1172</subfield>
    <subfield code="a">Agricultura</subfield>
    <subfield code="x">Aspectos econ&#xF3;micos</subfield>
  </datafield>
  <datafield tag="650" ind1="1" ind2="3">
    <subfield code="9">151475</subfield>
    <subfield code="a">Desarrollo agricola</subfield>
    <subfield code="z">M&#xE9;xico</subfield>
  </datafield>
  <datafield tag="650" ind1="1" ind2="3">
    <subfield code="9">151252</subfield>
    <subfield code="a">Agriculture</subfield>
    <subfield code="x">Innovation adoption</subfield>
  </datafield>
  <datafield tag="650" ind1="1" ind2="3">
    <subfield code="9">151252</subfield>
    <subfield code="a">Agriculture</subfield>
    <subfield code="x">Economic aspects</subfield>
  </datafield>
  <datafield tag="650" ind1="1" ind2="3">
    <subfield code="9">187979</subfield>
    <subfield code="a">Agricultural development</subfield>
    <subfield code="z">Mexico</subfield>
  </datafield>
  <datafield tag="700" ind1="1" ind2=" ">
    <subfield code="9">108416</subfield>
    <subfield code="a">Solleiro Rebolledo, Jos&#xE9; Luis</subfield>
    <subfield code="e">coordinador</subfield>
  </datafield>
  <datafield tag="700" ind1="1" ind2=" ">
    <subfield code="9">117629</subfield>
    <subfield code="a">Valle, Mar&#xED;a del Carmen del</subfield>
    <subfield code="e">coordinadora</subfield>
  </datafield>
  <datafield tag="700" ind1="1" ind2=" ">
    <subfield code="9">78740</subfield>
    <subfield code="a">Moreno, Ernesto</subfield>
    <subfield code="e">coordinador</subfield>
  </datafield>
  <datafield tag="830" ind1=" " ind2=" ">
    <subfield code="9">64220</subfield>
    <subfield code="a">La estructura econ&#xF3;mica y social de M&#xE9;xico (UNAM. CIT)</subfield>
  </datafield>
  <datafield tag="856" ind1="4" ind2="0">
    <subfield code="u">http://ru.iiec.unam.mx/1393/</subfield>
    <subfield code="y">Descargar PDF</subfield>
  </datafield>
  <datafield tag="942" ind1=" " ind2=" ">
    <subfield code="2">ddc</subfield>
    <subfield code="c">Libro</subfield>
  </datafield>
  <datafield tag="999" ind1=" " ind2=" ">
    <subfield code="c">219158</subfield>
    <subfield code="d">219158</subfield>
  </datafield>
  <datafield tag="952" ind1=" " ind2=" ">
    <subfield code="0">0</subfield>
    <subfield code="1">0</subfield>
    <subfield code="2">ddc</subfield>
    <subfield code="4">0</subfield>
    <subfield code="5">1</subfield>
    <subfield code="7">0</subfield>
    <subfield code="8">GRAL</subfield>
    <subfield code="a">IA_</subfield>
    <subfield code="b">IA_</subfield>
    <subfield code="d">2021-12-16</subfield>
    <subfield code="e">Donaci&#xF3;n</subfield>
    <subfield code="h">Tomo: 1</subfield>
    <subfield code="i">Donaci&#xF3;n</subfield>
    <subfield code="l">0</subfield>
    <subfield code="o">681.763 P67 1996 T.1</subfield>
    <subfield code="p">1102014968</subfield>
    <subfield code="r">2023-09-18 00:00:00</subfield>
    <subfield code="t">Ej. 1</subfield>
    <subfield code="w">2023-09-18</subfield>
    <subfield code="y">LIBRO</subfield>
  </datafield>
  <datafield tag="952" ind1=" " ind2=" ">
    <subfield code="0">0</subfield>
    <subfield code="1">0</subfield>
    <subfield code="2">ddc</subfield>
    <subfield code="4">0</subfield>
    <subfield code="5">1</subfield>
    <subfield code="7">0</subfield>
    <subfield code="8">GRAL</subfield>
    <subfield code="a">IA_</subfield>
    <subfield code="b">IA_</subfield>
    <subfield code="d">2021-12-16</subfield>
    <subfield code="e">Donaci&#xF3;n</subfield>
    <subfield code="h">Tomo: 2</subfield>
    <subfield code="i">Donaci&#xF3;n</subfield>
    <subfield code="l">0</subfield>
    <subfield code="o">681.763 P67 1996 T.2</subfield>
    <subfield code="p">1102014969</subfield>
    <subfield code="r">2023-09-18 00:00:00</subfield>
    <subfield code="t">Ej. 1</subfield>
    <subfield code="w">2023-09-18</subfield>
    <subfield code="y">LIBRO</subfield>
  </datafield>
</record>
